01417nam a2200301 a 4500001001000000005001700010008004100027041000800068044000800076084002000084100004500104245004600149260005000195300005100245500014900296500014000445500013800585500001000723546002400733650005200757650005600809650003400865650004500899700002500944700004800969700004801017740005001065BRCA_328520190320204214.0130309m18641867enka---###---#000-0#eng-# aeng aenk a587b.C37c18641 aCervantes Saavedra, Miguel ded1547-161610aThe History of Don QuixotecBy Cervantes. aLondresbCassel, Petter and Galpinc1864-1867 a1 v. en 2 partes (xxviii, 737 p.)bil.c31 cm. aContenido : Primera parte. Lista de ilustraciones. Noticia biográfica sobre Cervantes. Prólogo del autor. Segunda parte. Prólogo del autor aEdición : The Text Edited by J. W. Clark and a Biographical Notice of Cervantes by T. Teignmouth Shore. Illustrated by Gustave Doré aEjemplar por completo igual al anterior [586]. Semipiel; lomo y planos adornados con dorados. Corte dorado también Lúdovik Osterc aQM461 aTexto en : inglés14aNovela españolayÉpoca clásica, 1500-170014aLiteratura españolayÉpoca clásica, 1500-170014aNovela españolaySiglo XVII14aDon Quijote (Personaje ficticio)eNovela1 aClark, J. W.eEditor1 aTeignmouth Short, Thomasd1841-1911eEditor1 aDoré, Paul Gustaved1831-1883eIlustrador0 aEl Ingenioso Hidalgo Don Quijote de la Mancha